000 00802nam a2200277Ia 4500
001 dia_2486
003 CHAP
005 20251027150638.0
008 220117s1986 xx 000 0 und d
010 _a173009
020 _a968-6642-40-4
040 _cCHAP
082 _a332.67 A36 1968
245 _aAdministración de proyectos de innovación tecnológica /
_c Gustavo Cadena...[et al.]
260 _aMexico :
_b Gernika,
_c1986
300 _a148 p
500 _aEjemplares 2 y 3 son material fotocopiado
503 _aC/e
504 _aIncluye bibliografía
650 _aProyectos
_9147489
700 _aCadena, Gustavo, coaut.
_9152987
901 _a332.67 A36 1968
902 _aM
905 _a0000001986 MX in 0000000000SPA00
942 _cLIBRO
_2ddc
999 _c173009
_d173009